[Event "XII Torneo Internazionale"]
[Site "Venezia ITA"]
[Date "1980.10.??"]
[Round "8"]
[White "Nemet, Ivan"]
[Black "Kelecevic, Nedeljko"]
[Result "1/2-1/2"]
[WhiteElo "2460"]
[BlackElo "2380"]
[PlyCount "26"]
[EventDate "1980.10.22"]

1. d4 d5 2. Nf3 Nf6 3. c4 dxc4 4. e3 e6 5. Bxc4 c5 6. O-O a6 7. a4 Nc6 8. Nc3
Be7 9. Qd3 O-O 10. Rd1 cxd4 11. exd4 Nb4 12. Qe2 Bd7 13. Ne5 Bc6 1/2-1/2

[Event "XII Torneo Internazionale"]
[Site "Venezia ITA"]
[Date "1980.10.??"]
[Round "8"]
[White "Trabattoni, Franco"]
[Black "Bonfa', Ileano"]
[Result "1/2-1/2"]
[WhiteElo "2325"]
[BlackElo "2305"]
[PlyCount "54"]
[EventDate "1980.10.22"]

1. e4 c5 2. Nf3 d6 3. d4 cxd4 4. Nxd4 Nf6 5. Nc3 g6 6. Bc4 Bg7 7. Bb3 O-O 8.
O-O Nc6 9. Nde2 Qa5 10. Bd2 Qh5 11. Qe1 Bh6 12. Bxh6 Qxh6 13. f4 Bd7 14. Qg3 b5
15. Qd3 a5 16. a4 Nb4 17. Qd2 bxa4 18. Bxa4 Bxa4 19. Rxa4 Rfc8 20. Rfa1 Qh5 21.
e5 dxe5 22. Rxa5 Rxa5 23. Rxa5 Nc6 24. Rc5 Rd8 25. Qe1 Rd6 26. h3 Nd7 27. Rb5
Qf5 1/2-1/2

[Event "XII Torneo Internazionale"]
[Site "Venezia ITA"]
[Date "1980.10.??"]
[Round "9"]
[White "Chevaldonnet, Francois"]
[Black "Karaklajic, Nikola"]
[Result "1/2-1/2"]
[WhiteElo "2375"]
[BlackElo "2460"]
[PlyCount "58"]
[EventDate "1980.10.22"]

1. e4 e5 2. Nf3 Nc6 3. Bb5 Nf6 4. O-O Nxe4 5. Re1 Nd6 6. Nxe5 Be7 7. Bf1 Nxe5
8. Rxe5 O-O 9. d4 Bf6 10. Re1 Re8 11. c3 Rxe1 12. Qxe1 Qe7 13. Qxe7 Bxe7 14.
Bf4 b6 15. Nd2 Bb7 16. Re1 Kf8 17. f3 Ne8 18. Bb5 Rd8 19. Kf2 h6 20. Bd3 d5 21.
Nf1 c6 22. Ne3 Bc8 23. Nf5 Bxf5 24. Bxf5 Bh4+ 25. g3 Bg5 26. Bxg5 hxg5 27. Bd3
Nd6 28. Re2 Re8 29. Rxe8+ Kxe8 1/2-1/2

[Event "XII Torneo Internazionale"]
[Site "Venezia ITA"]
[Date "1980.10.??"]
[Round "9"]
[White "Kelecevic, Nedeljko"]
[Black "Witkowski, Stefan"]
[Result "1/2-1/2"]
[WhiteElo "2380"]
[BlackElo "2290"]
[PlyCount "28"]
[EventDate "1980.10.22"]

1. d4 Nf6 2. c4 g6 3. Nc3 d5 4. cxd5 Nxd5 5. e4 Nxc3 6. bxc3 Bg7 7. Bc4 c5 8.
Ne2 cxd4 9. cxd4 Nc6 10. Be3 O-O 11. O-O Na5 12. Bd3 Nc6 13. Bc4 Na5 14. Bd3
Nc6 1/2-1/2

[Event "XII Torneo Internazionale"]
[Site "Venezia ITA"]
[Date "1980.10.??"]
[Round "9"]
[White "Monnard, Laurent"]
[Black "Nemet, Ivan"]
[Result "1/2-1/2"]
[WhiteElo "2330"]
[BlackElo "2460"]
[PlyCount "25"]
[EventDate "1980.10.22"]

1. e4 c5 2. c3 d5 3. exd5 Qxd5 4. d4 Nc6 5. dxc5 Qxc5 6. Be3 Qa5 7. b4 Qc7 8.
Na3 Nf6 9. Nb5 Qb8 10. Nf3 e6 11. Bc4 Be7 12. O-O O-O 13. Qe2 1/2-1/2

[Event "XII Torneo Internazionale"]
[Site "Venezia ITA"]
[Date "1980.10.??"]
[Round "9"]
[White "Rosino, Antonio"]
[Black "Trabattoni, Franco"]
[Result "1/2-1/2"]
[WhiteElo "2305"]
[BlackElo "2325"]
[PlyCount "73"]
[EventDate "1980.10.22"]

1. e4 c5 2. Nf3 d6 3. d4 cxd4 4. Nxd4 Nf6 5. Nc3 g6 6. Bc4 Bg7 7. O-O O-O 8.
Bb3 Nc6 9. h3 Bd7 10. Be3 Qa5 11. Qd2 Nxd4 12. Qxd4 Bc6 13. Qd2 Rfe8 14. Rad1
b5 15. f3 Qc7 16. Nd5 Bxd5 17. exd5 Nd7 18. Bd4 Bxd4+ 19. Qxd4 Qc5 20. c3 a5
21. Rf2 Qxd4 22. Rxd4 Nc5 23. Bd1 b4 24. c4 Rec8 25. h4 a4 26. Re2 Rc7 27. g3
h6 28. Re3 Kg7 29. Be2 f5 30. g4 Rf8 31. Bd1 Ra7 32. Kg2 g5 33. hxg5 hxg5 34.
f4 fxg4 35. fxg5 b3 36. a3 Rf5 37. Rxg4 1/2-1/2

[Event "XII Torneo Internazionale"]
[Site "Venezia ITA"]
[Date "1980.10.??"]
[Round "10"]
[White "De Eccher, Stefano"]
[Black "Rosino, Antonio"]
[Result "0-1"]
[WhiteElo "2285"]
[BlackElo "2305"]
[PlyCount "90"]
[EventDate "1980.10.22"]

1. e4 e5 2. Nf3 Nc6 3. Bb5 Nf6 4. O-O Nxe4 5. d4 Nd6 6. Bxc6 dxc6 7. dxe5 Ne4
8. Qe2 Bf5 9. Rd1 Qc8 10. Nh4 Be7 11. Nxf5 Qxf5 12. Re1 O-O-O 13. Qf3 Qxf3 14.
gxf3 Ng5 15. Kg2 Ne6 16. Be3 g5 17. Nc3 Bb4 18. Rad1 Bxc3 19. bxc3 Rd5 20. Rxd5
cxd5 21. Rd1 Rd8 22. Kg3 c5 23. Kg4 h6 24. h4 d4 25. cxd4 cxd4 26. Bc1 Rd5 27.
hxg5 hxg5 28. f4 gxf4 29. Bxf4 Rc5 30. Rd2 Ra5 31. Kf5 Rxa2 32. Bg3 Kd7 33. Kf6
Ke8 34. f4 Ra3 35. Rg2 Ra6 36. Kf5 Ng7+ 37. Ke4 Rg6 38. f5 Rg4+ 39. Kf3 Rg5 40.
Rh2 Rxf5+ 41. Ke4 Rf1 42. Rh8+ Kd7 43. Bh4 Ne6 44. Bf6 Rf2 45. Rh7 Rxf6 0-1

[Event "XII Torneo Internazionale"]
[Site "Venezia ITA"]
[Date "1980.10.??"]
[Round "10"]
[White "Karaklajic, Nikola"]
[Black "Trabattoni, Franco"]
[Result "1-0"]
[WhiteElo "2460"]
[BlackElo "2325"]
[PlyCount "153"]
[EventDate "1980.10.22"]

1. e4 c5 2. Nf3 d6 3. d4 cxd4 4. Nxd4 Nf6 5. Nc3 g6 6. Be3 Bg7 7. f3 O-O 8. Qd2
Nc6 9. O-O-O d5 10. exd5 Nxd5 11. Nxc6 bxc6 12. Bd4 e5 13. Bc5 Be6 14. Ne4 Re8
15. h4 h6 16. c4 Nb6 17. Qa5 Qb8 18. Bd6 Qd8 19. b3 Bd7 20. g4 Qc8 21. Bc5 Qb8
22. g5 Bf5 23. Nf6+ Bxf6 24. gxf6 e4 25. Bd6 Qc8 26. fxe4 Bxe4 27. Bh3 Qb7 28.
Qd2 Kh7 29. h5 g5 30. Bg2 Nxc4 31. Bxe4+ Rxe4 32. Qc2 Nxd6 33. Rxd6 Rae8 34.
Rhd1 Kg8 35. Rd8 Qb4 36. Qxc6 Rxd8 37. Rxd8+ Kh7 38. Qc2 Qe1+ 39. Kb2 Qe2 40.
Rd2 Qe3 41. Rd7 Kg8 42. a4 Qe1 43. Rxa7 Re8 44. Rc7 Qf1 45. Qc3 Qe2+ 46. Ka3
Qxh5 47. Rc8 Rxc8 48. Qxc8+ Kh7 49. Qf5+ Kg8 50. a5 Qd1 51. Qe5 Qd7 52. a6 Qa7
53. Qe8+ Kh7 54. Qe4+ Kg8 55. Qb7 Qc5+ 56. Ka4 Qd4+ 57. b4 Qa1+ 58. Kb5 Qf1+
59. Ka5 Qa1+ 60. Kb6 Qxf6+ 61. Qc6 Qd4+ 62. Qc5 Qd8+ 63. Kb5 Qd3+ 64. Kb6 Qd8+
65. Kb7 Qd7+ 66. Kb8 Kh7 67. b5 Qd8+ 68. Qc8 Qb6+ 69. Qb7 Qd8+ 70. Ka7 Qd4+ 71.
b6 Kg7 72. Qc7 g4 73. Kb8 Qe3 74. a7 Qe8+ 75. Kb7 Qe4+ 76. Qc6 Qe7+ 77. Kc8 1-0

[Event "XII Torneo Internazionale"]
[Site "Venezia ITA"]
[Date "1980.10.??"]
[Round "10"]
[White "Nemet, Ivan"]
[Black "Bonfa', Ileano"]
[Result "1-0"]
[WhiteElo "2460"]
[BlackElo "2305"]
[PlyCount "45"]
[EventDate "1980.10.22"]

1. d4 Nf6 2. c4 g6 3. Nc3 d5 4. Nf3 Bg7 5. cxd5 Nxd5 6. e4 Nxc3 7. bxc3 c5 8.
Be3 O-O 9. Qd2 Qa5 10. Rc1 Bg4 11. d5 c4 12. Nd4 b5 13. f3 Bd7 14. h4 e5 15.
dxe6 Bxe6 16. Bh6 Qb6 17. Bxg7 Kxg7 18. h5 Bd7 19. Rb1 a6 20. Bxc4 Qf6 21. Bd5
Ra7 22. hxg6 Qxg6 23. g4 1-0

[Event "XII Torneo Internazionale"]
[Site "Venezia ITA"]
[Date "1980.10.??"]
[Round "10"]
[White "Witkowski, Stefan"]
[Black "Monnard, Laurent"]
[Result "1/2-1/2"]
[WhiteElo "2290"]
[BlackElo "2330"]
[PlyCount "28"]
[EventDate "1980.10.22"]

1. d4 Nf6 2. Nf3 e6 3. Bf4 b6 4. e3 Bb7 5. c3 Be7 6. h3 O-O 7. Nbd2 c5 8. Be2
Nc6 9. O-O d6 10. a4 Re8 11. Bh2 Bf8 12. Nc4 d5 13. Nce5 Nxe5 14. Nxe5 a6
1/2-1/2

[Event "XII Torneo Internazionale"]
[Site "Venezia ITA"]
[Date "1980.10.??"]
[Round "11"]
[White "Bonfa', Ileano"]
[Black "Witkowski, Stefan"]
[Result "1/2-1/2"]
[WhiteElo "2305"]
[BlackElo "2290"]
[PlyCount "23"]
[EventDate "1980.10.22"]

1. Nf3 d5 2. g3 Nf6 3. Bg2 c6 4. O-O Bf5 5. d3 h6 6. Nbd2 e6 7. e3 Be7 8. Qe2
O-O 9. b3 a5 10. a3 Nbd7 11. Bb2 Qc7 12. e4 1/2-1/2

[Event "XII Torneo Internazionale"]
[Site "Venezia ITA"]
[Date "1980.10.??"]
[Round "11"]
[White "Kelecevic, Nedeljko"]
[Black "Chevaldonnet, Francois"]
[Result "1/2-1/2"]
[WhiteElo "2380"]
[BlackElo "2375"]
[PlyCount "26"]
[EventDate "1980.10.22"]

1. d4 Nf6 2. c4 g6 3. Nc3 Bg7 4. Nf3 O-O 5. g3 c6 6. Bg2 d6 7. O-O Qa5 8. h3 e5
9. d5 cxd5 10. cxd5 Bd7 11. Nd2 Rc8 12. a3 Na6 13. Nce4 Ne8 1/2-1/2

[Event "XII Torneo Internazionale"]
[Site "Venezia ITA"]
[Date "1980.10.??"]
[Round "11"]
[White "Rosino, Antonio"]
[Black "Nemet, Ivan"]
[Result "1/2-1/2"]
[WhiteElo "2305"]
[BlackElo "2460"]
[PlyCount "25"]
[EventDate "1980.10.22"]

1. e4 c5 2. c3 Nf6 3. e5 Nd5 4. d4 cxd4 5. Nf3 Nc6 6. cxd4 d6 7. Bc4 Nb6 8. Bb5
dxe5 9. Nxe5 Bd7 10. Bxc6 Bxc6 11. Nxc6 bxc6 12. O-O e6 13. Nc3 1/2-1/2

[Event "XII Torneo Internazionale"]
[Site "Venezia ITA"]
[Date "1980.10.??"]
[Round "11"]
[White "Trabattoni, Franco"]
[Black "De Eccher, Stefano"]
[Result "1/2-1/2"]
[WhiteElo "2325"]
[BlackElo "2285"]
[PlyCount "37"]
[EventDate "1980.10.22"]

1. d4 Nf6 2. Nf3 e6 3. g3 b6 4. Bg2 Bb7 5. O-O Be7 6. c4 O-O 7. Qc2 d5 8. cxd5
exd5 9. Nc3 Nbd7 10. Rd1 Re8 11. Bf4 Nh5 12. Be3 Nhf6 13. Bh3 Bf8 14. Rac1 c6
15. Qd2 Bd6 16. Nh4 g6 17. Bh6 Nf8 18. Bf4 Ne4 19. Nxe4 1/2-1/2